Capitals with 6 letters & 3 syllables - Statistics

General Stats
  • This quiz has been taken 171 times
  • The average score is 17 of 24
Answer Stats
Continent Capital % Correct
North America Ottawa
86%
Asia Ankara
84%
Africa Asmara
81%
Africa Moroni
78%
Europe Tirana
78%
South America Bogota
77%
Africa Luanda
77%
Africa Niamey
76%
North America Havana
75%
Africa Maputo
75%
Africa Bamako
74%
Oceania Majuro
74%
Asia Astana
73%
Africa Lusaka
73%
Europe Monaco
73%
Africa Maseru
71%
Africa Dodoma
69%
Africa Kigali
69%
Africa Malabo
69%
Asia Manila
66%
Europe Vienna
65%
Asia Manama
64%
Africa Gitega
62%
Africa Harare
59%
No matching quizzes found
Score Distribution
Percent of People with Each Score
Percentile by Number Answered
Your Score History
You have not taken this quiz